Every Character In Percy Jackson And The Olympians By Letter-B - Statistics

General Stats
  • This quiz has been taken 8 times
  • The average score is 3 of 9
Answer Stats
Times Mentioned Answer % Correct
292 Bianca Di Angelo
88%
100 Blackjack
75%
58 Briares
50%
2 Bobby Chase
38%
4 Bobby Earl
38%
1 Benjamin Franklin
25%
5 Barbara
0%
1 Beltbuster
0%
5 Mr. Bonsai
0%
No matching quizzes found
Score Distribution
Percent of People with Each Score
Percentile by Number Answered
Your Score History
You have not taken this quiz